Kandidátske krajiny EÚ
Z obsahu: Pobaltské republiky sú vzornými kandidátmi. Minulý aj tento rok sa v Pobaltí nesú v znamení volieb. Slovinsko si mnohí mýlia so Slovenskom. Malta únii: áno aj nie.
Guardado en:
| Autor principal: | |
|---|---|
| Formato: | Capítulo de libro |
| Lenguaje: | eslovaco |
| Materias: | |
| Etiquetas: |
Sin Etiquetas, Sea el primero en etiquetar este registro!
|
MARC
| LEADER | 00000naa a2200000 4500 | ||
|---|---|---|---|
| 001 | r047843 | ||
| 005 | 20230921114702.1 | ||
| 041 | 0 | |a slo | |
| 044 | |a SK | ||
| 245 | 1 | 0 | |a Kandidátske krajiny EÚ |c Roman Schönwiesner |
| 520 | |a Z obsahu: Pobaltské republiky sú vzornými kandidátmi. Minulý aj tento rok sa v Pobaltí nesú v znamení volieb. Slovinsko si mnohí mýlia so Slovenskom. Malta únii: áno aj nie. | ||
| 610 | 2 | 0 | |a integrácia ekonomická medzinárodná |
| 610 | 2 | 0 | |a Európska únia |
| 610 | 2 | 0 | |a Estónsko |
| 610 | 2 | 0 | |a Litva |
| 610 | 2 | 0 | |a Lotyšsko |
| 610 | 2 | 0 | |a voľby |
| 610 | 2 | 0 | |a Slovinsko |
| 610 | 2 | 0 | |a Malta |
| 100 | 1 | |a Schönwiesner, Roman | |